Riconosci le Bandiere sbagliate - Quiz n°3 - Statistics

Statistiche generali
  • Questo quiz è stato fatto 8 volte
  • Il punteggio medio è 25 su 30
Statistiche sulle risposte
Domanda Casella Select % Corretto
tutte le bandiere sbagliate No
100%
tutte le bandiere sbagliate
100%
tutte le bandiere sbagliate No
100%
tutte le bandiere sbagliate No
100%
tutte le bandiere sbagliate
100%
tutte le bandiere sbagliate No
100%
tutte le bandiere sbagliate No
100%
tutte le bandiere sbagliate
100%
tutte le bandiere sbagliate No
100%
tutte le bandiere sbagliate No
100%
tutte le bandiere sbagliate
100%
tutte le bandiere sbagliate No
100%
tutte le bandiere sbagliate No
100%
tutte le bandiere sbagliate
86%
tutte le bandiere sbagliate No
86%
tutte le bandiere sbagliate
86%
tutte le bandiere sbagliate
86%
tutte le bandiere sbagliate No
86%
tutte le bandiere sbagliate
86%
tutte le bandiere sbagliate No
86%
tutte le bandiere sbagliate
86%
tutte le bandiere sbagliate No
86%
tutte le bandiere sbagliate
86%
tutte le bandiere sbagliate No
86%
tutte le bandiere sbagliate No
71%
tutte le bandiere sbagliate
71%
tutte le bandiere sbagliate
57%
tutte le bandiere sbagliate
43%
tutte le bandiere sbagliate No
43%
tutte le bandiere sbagliate
14%
Nessun quiz corrispondente trovato
Distribuzione punteggi
Percentuale di utenti per punteggio
Percentile per numero di risposta
I tuoi punteggi nel tempo
Non hai fatto questo quiz